| 000 | 01404nam a22003017a 4500 | ||
|---|---|---|---|
| 001 | 5839 | ||
| 003 | FISKH | ||
| 005 | 20250526150313.0 | ||
| 008 | 250124b cb ||||| |||| 00| 0 eng d | ||
| 020 | _a9780753457375 | ||
| 040 |
_aFISKH _beng _cFISKH _dFISKH |
||
| 050 | _aPZ7.M2784 | ||
| 082 | _a823.9 | ||
| 100 |
_aMaisner, Heather _d(1953-) |
||
| 245 |
_aTime to see the doctor / _cHeather Maisner ; Illustrated by Kristina Stephenson |
||
| 250 | _aThis edition first published in 2004 | ||
| 260 |
_aMassachusetts : _bKingfiswer, _c2004. |
||
| 300 |
_a22 pages : _bcolor illustrations ; _c21 cm |
||
| 505 | _aG | ||
| 520 | _aThe morning of Ben and Amy's trip to the zoo, Ben wakes up feeling ill. Instead of visiting the lions and koalas, they go to see the doctor. Ben is frightened at first, but Amy shows him that the doctor doesn't hurt. This gently amusing story addresses the anxiety that young children often experience when they visit the doctor. Featuring charming illustrations, believable characters and a positive message about new situations, every title in the First Time Stories series is perfect for sharing aloud with young children. | ||
| 521 | 8 |
_a370
_bLexile estimate |
|
| 521 | 8 |
_aG
_bRaz-Plus |
|
| 650 |
_2Doctor _aFeelings |
||
| 650 |
_2Going to the doctor _aBeing sick |
||
| 700 |
_aStenphenson, Kristina _dillustrator |
||
| 942 |
_2ddc _cBK _n0 |
||
| 999 |
_c5839 _d5839 |
||